Fr. Conceicao Rodrigues College of Engineering

Operations planning & control (Record no. 23045)

MARC details
000 -LEADER
fixed length control field 00329nam a2200133Ia 4500
082 ## - DEWEY DECIMAL CLASSIFICATION NUMBER
Classification number 658.401
100 ## - MAIN ENTRY--PERSONAL NAME
Personal name Colley/ J.L. Jr./ Landel/ R.D.
245 ## - TITLE STATEMENT
Title Operations planning & control
260 ## - PUBLICATION, DISTRIBUTION, ETC.
Name of publisher, distributor, etc. Holden Day
Place of publication, distribution, etc. SanFracisco
Date of publication, distribution, etc. 1978
300 ## - PHYSICAL DESCRIPTION
Extent 308
546 ## - LANGUAGE NOTE
Language note ENGLISH
654 ## - SUBJECT ADDED ENTRY--FACETED TOPICAL TERMS
Focus term Operations planning & control.
942 ## - ADDED ENTRY ELEMENTS (KOHA)
Koha item type BOOK
Holdings
Withdrawn status Lost status Damaged status Not for loan Collection Home library Current library Shelving location Date acquired Source of acquisition Cost, normal purchase price Inventory number Total Checkouts Full call number Barcode Date last seen Cost, replacement price Price effective from Koha item type
        AFT Fr. Agnel's C.Rodrigues College of Engineering Fr. Agnel's C.Rodrigues College of Engineering   17/03/2023 UBS 144.07 T-931   658.401 AFT2484 17/03/2023 144.07 17/03/2023 BOOK